000
00310nam a22001337a 4500
008
180912b xxu||||| |||| 00| 0 eng d
020
_a
9780195046052
041
_a
eng
080
_a
341
100
_a
17
101
_a
HIS
245
_a
A Social History American Technology
_c
Cowan.R.S
942
_2
udc
_c
BK
999
_c
47692
_d
47692